| 000 | 00578nam a2200205 a 4500 | ||
|---|---|---|---|
| 001 | 9911 | ||
| 003 | CO-ViMGA | ||
| 008 | 141112s2004 ck r 000 u spa d | ||
| 020 | _a074603427 | ||
| 040 |
_aCO-ViMGA _bspa _cCO-ViMGA |
||
| 082 | 0 | 4 | _a502.8 G748 |
| 100 | 1 |
_aSanchez Gallego, Maria Isabel _911967 |
|
| 245 | 1 | 0 | _aEl Gran Libro de los Experimentos |
| 260 |
_aLondres : _bCopyright, _c1996 |
||
| 300 | _a96p. : il color | ||
| 650 | 1 | 4 |
_aCIENCIA - ENSEĆANZA _950243 |
| 650 | 1 | 4 |
_aCIENCIA RECREATIVA _911968 |
| 650 | 1 | 4 |
_aEXPERIMENTOS - MANUALES _911969 |
| 942 |
_2ddc _cBK |
||
| 999 |
_c21289 _d21289 |
||